000
00304cam a22001097a 4500
008
180718b1962 xxu||||| |||| 00| 0 eng d
082
_a
A42x5433
100
_a
Punjab. Legislative Department
245
_a
Punjab acts, ordinances and regulations
260
_a
Chandigarh
_b
The author
_c
1962
300
_a
176p.
999
_c
487561
_d
487561